| 000 | 00469 a2200181 4500 | ||
|---|---|---|---|
| 005 | 20260414112437.0 | ||
| 008 | 260413b |||||||| |||| 00| 0 eng d | ||
| 020 |
_a9781806960453 _c£ 130.00 |
||
| 040 | _aMAIN | ||
| 082 |
_a300.72 _bK287R |
||
| 100 | _aKelley, Ben K | ||
| 245 | _aResearch methodology and social science | ||
| 260 |
_bRadiant Pages _c2026 _aLondon |
||
| 300 | _a280 | ||
| 650 | _aSocial Sciences | ||
| 650 | _aResearch Methodology | ||
| 942 | _cBK | ||
| 999 |
_c395536 _d395536 |
||